000 01688nam a22004097a 4500
003 CHAP
005 20220329141652.0
008 971013s1972 r 00010 d
010 _a71915
011 _a72887
035 _a82443
040 _cCHAP
082 _a581.1
_bR64
100 0 0 _aRojas Garcidueñas, Manuel.
_999305
245 _aFisiología vegetal aplicada
260 _aMéxico. D.F. :
_bMcGraw Hill,
_c1972
300 _a252 p.
_b: ilus.
590 _aBATCH-UPD
_b10
_c20130110
_lUCH01
_h1648
590 _aBATCH-UPD
_b10
_c20130410
_lUCH01
_h1037
590 _aBATCH-UPD
_b10
_c20130914
_lUCH01
_h1413
590 _aCONVERSION
_b10
_c20130109
_lUCH01
_h1339
650 1 4 _aFisiología vegetal.
_941136
901 _aBK
942 _cLIBRO
949 _a581.1 R64
_bBC
_cLIBRO
_d-153220
_eLIBRO
_fc.2
_i82443
_si
949 _a581.1 R64
_bBC
_cLIBRO
_d-153221
_eLIBRO
_fc.4
_i82443
_si
949 _a581.1 R64
_bBC
_cLIBRO
_d-153223
_eLIBRO
_fc.9
_i82443
_si
949 _a581.1 R64
_bBC
_cLIBRO
_d33724000520508
_eLIBRO
_fc.5
_h46126
_i82443
_si
949 _a581.1 R64
_bBC
_cLIBRO
_d33724000520516
_eLIBRO
_fc.6
_h46127
_i82443
_si
949 _a581.1 R64
_bBC
_cLIBRO
_d33724000520631
_eLIBRO
_fc.11
_h46132
_i82443
_si
949 _a581.1 R64
_bBC
_cLIBRO
_d33724000636023
_eLIBRO
_fc.3
_gI.c/e
_h46124
_i82443
_si
949 _a581.1 R64
_bBC
_cLIBRO
_d33724000665634
_eLIBRO
_h33527
_i82443
_si
949 _a581.1 R64
_bBC
_cLIBRO
_d33724000666517
_eLIBRO
_fc.7
_h46128
_i82443
_si
949 _a581.1 R64
_bBC
_cLIBRO
_d33724000822227
_eLIBRO
_fc.8
_h46129
_i82443
_si
949 _a581.1 R64
_bBC
_cLIBRO
_d33724002014397
_eLIBRO
_fc.10
_h46131
_i82443
_so
949 _a581.1 R64
_bBC
_cLIBRO
_d8244313
_eLIBRO
_fc.13
_i82443
_si
_t$15,840
999 _c71915
_d71915